LIBRARY ONLINE CATALOGUE

Resort destinations (Record no. 17373)

MARC details
000 -LEADER
fixed length control field 00501nam a22001697a 4500
008 - FIXED-LENGTH DATA ELEMENTS--GENERAL INFORMATION
fixed length control field 190121b xxu||||| |||| 00| 0 eng d
020 ## - INTERNATIONAL STANDARD BOOK NUMBER
International Standard Book Number 0750657532
050 ## - LIBRARY OF CONGRESS CALL NUMBER
Classification number G155
Item number .P75 2009 c.1
100 ## - MAIN ENTRY--PERSONAL NAME
Personal name Prideaux, Bruce
245 ## - TITLE STATEMENT
Title Resort destinations
Remainder of title evolution, management and development
Statement of responsibility, etc. Bruce Prideaux
260 ## - PUBLICATION, DISTRIBUTION, ETC. (IMPRINT)
Place of publication, distribution, etc. Amsterdam
Name of publisher, distributor, etc. Elsevier
Date of publication, distribution, etc. 2009
300 ## - PHYSICAL DESCRIPTION
Extent ix, 310
650 ## - SUBJECT ADDED ENTRY--TOPICAL TERM
Topical term or geographic name as entry element Tourism
Form subdivision Social aspects
650 ## - SUBJECT ADDED ENTRY--TOPICAL TERM
Topical term or geographic name as entry element Tourism
Form subdivision planning
650 ## - SUBJECT ADDED ENTRY--TOPICAL TERM
Topical term or geographic name as entry element Resorts
Form subdivision social aspects
942 ## - ADDED ENTRY ELEMENTS (KOHA)
Source of classification or shelving scheme Library of Congress Classification
Koha item type General Collection
Holdings
Withdrawn status Lost status Source of classification or shelving scheme Not for loan Home library Current library Date acquired Cost, normal purchase price Total Checkouts Full call number Barcode Date last seen Date last checked out Price effective from Koha item type
    Library of Congress Classification   Kabarak, Main Campus Kabarak, Main Campus 21/01/2019 7450.00 1 G155 .P75 2009 c.1 024669 21/08/2023 27/07/2023 21/01/2019 General Collection
    Library of Congress Classification   Kabarak, Main Campus Kabarak, Main Campus 12/11/2019 7450.00   G155 .P75 2009 c.2 023968 12/11/2019   12/11/2019 General Collection